[Event "BIH-chT1 30th"]
[Site "Gorazde"]
[Date "2023.08.28"]
[Round "4.6"]
[White "Suta, Adil"]
[Black "Pleh, Semir"]
[Result "1-0"]
[WhiteElo "2078"]
[BlackElo "1728"]
[PlyCount "77"]
[EventDate "2023.08.26"]
[EventType "team-tourn"]
[EventRounds "9"]
[EventCountry "BIH"]
[SourceTitle "EXT 2024"]
[Source "ChessBase"]
[SourceDate "2023.10.10"]
[SourceVersion "1"]
[SourceVersionDate "2023.10.10"]
[SourceQuality "1"]

1. d4 c5 2. d5 e6 3. c4 exd5 4. cxd5 d6 5. Nc3 Ne7 6. Bg5 Qb6 7. Qd2 Ng6 8. e4 Be7 9. Bxe7 Nxe7 10. Nf3 0-0 11. h3 Ng6 12. Be2 f5 13. 0-0 fxe4 14. Nxe4 Bf5 15. Ng3 Bd7 16. Rfe1 Na6 17. Ng5 Rae8 18. Bxa6 Qxa6 19. Ne6 Rf7 20. Re4 Qb6 21. f4 Nh4 22. Kh2 Nf5 23. Nxf5 Rxf5 24. Rae1 Rf7 25. g4 Bxe6 26. dxe6 Rfe7 27. f5 Rd8 28. R1e2 d5 29. Re5 d4 30. b3 Qc7 31. Kg2 b5 32. R2e4 h6 33. g5 hxg5 34. Qxg5 Kf8 35. f6 gxf6 36. Qxf6+ Kg8 37. Rg5+ Rg7 38. Rxg7+ Qxg7+ 39. Rg4 1-0

[Event "Sarajevo Bosna op 49th"]
[Site "Sarajevo"]
[Date "2019.04.28"]
[Round "2"]
[White "Maksimovic, Bojan"]
[Black "Pleh, Semir"]
[Result "1-0"]
[WhiteElo "2288"]
[BlackElo "1829"]
[PlyCount "107"]
[EventDate "2019.04.27"]
[EventType "swiss"]
[EventRounds "9"]
[EventCountry "BIH"]
[SourceTitle "CBM 190 Extra"]
[Source "ChessBase"]
[SourceDate "2019.07.15"]
[SourceVersion "1"]
[SourceVersionDate "2019.07.15"]
[SourceQuality "1"]

1. e4 c5 2. Nf3 Nc6 3. d4 cxd4 4. Nxd4 Nf6 5. Nc3 a6 6. Nxc6 bxc6 7. e5 Ng8 8. Qf3 e6 9. Bd3 Ne7 10. 0-0 Ng6 11. Re1 Bb4 12. Bd2 0-0 13. Bxg6 fxg6 14. Qg3 Be7 15. Ne4 a5 16. Bg5 Bxg5 17. Nxg5 Qb6 18. b3 a4 19. Ne4 Ra5 20. Rad1 axb3 21. axb3 Ra2 22. c4 Rb2 23. Rb1 Qd4 24. Rxb2 Qxb2 25. Nc5 Qd2 26. Qe3 Qb4 27. Rd1 Qa3 28. h3 Qb2 29. g4 Rf7 30. Kg2 g5 31. Rd2 Qa1 32. Qxg5 Qa7 33. Qe3 h6 34. Ne4 Qa8 35. Kh2 c5 36. Nxc5 Rf3 37. Qe4 Qa5 38. Qxf3 Qxd2 39. Qe3 Qd1 40. Kg2 Qa1 41. b4 Qa8+ 42. Kh2 Qa2 43. Qd4 Qa7 44. Nxe6 Qb8 45. Qd6 Qxd6 46. exd6 dxe6 47. b5 Kf8 48. c5 Ke8 49. c6 Bd7 50. Kg3 e5 51. cxd7+ Kxd7 52. Kf3 Kxd6 53. Ke4 g6 54. b6 1-0

[Event "BIH-chT 14th"]
[Site "Prijedor"]
[Date "2015.09.13"]
[Round "9.3"]
[White "Palac, Mladen"]
[Black "Pleh, Semir"]
[Result "1-0"]
[WhiteElo "2588"]
[BlackElo "1689"]
[PlyCount "69"]
[EventDate "2015.09.05"]
[EventType "team-tourn"]
[EventRounds "9"]
[EventCountry "BIH"]
[SourceTitle "EXT 2016"]
[Source "ChessBase"]
[SourceDate "2015.10.08"]
[SourceVersion "1"]
[SourceVersionDate "2015.10.08"]
[SourceQuality "1"]
[WhiteTeam "Siroki Brijeg"]
[BlackTeam "Gorazde"]
[WhiteTeamCountry "BIH"]
[BlackTeamCountry "BIH"]

1. e4 d6 2. d4 g6 3. Nf3 Bg7 4. Bc4 Nc6 5. d5 Ne5 6. Nxe5 Bxe5 7. 0-0 Bg7 8. Bd3 Nf6 9. c4 0-0 10. Nc3 Bg4 11. f3 Bd7 12. Be3 e6 13. Qd2 e5 14. c5 a6 15. Rac1 dxc5 16. Bxc5 Re8 17. Rfd1 Bf8 18. Be3 Bd6 19. Ne2 Nh5 20. g4 Ng7 21. Ng3 Rb8 22. Kg2 Qe7 23. Bh6 Rf8 24. Kh1 Rfe8 25. Rg1 Bb4 26. Qe3 Bd6 27. Nf5 Bxf5 28. exf5 Qd7 29. f6 Ne6 30. dxe6 Qxe6 31. Bg7 b5 32. Qh6 e4 33. Bxe4 Be5 34. Rc6 Qxa2 35. Bh8 1-0

[Event "BIH-chT 14th"]
[Site "Prijedor"]
[Date "2015.09.12"]
[Round "8.4"]
[White "Pleh, Semir"]
[Black "Jankovic, Alojzije"]
[Result "0-1"]
[WhiteElo "1689"]
[BlackElo "2548"]
[PlyCount "70"]
[EventDate "2015.09.05"]
[EventType "team-tourn"]
[EventRounds "9"]
[EventCountry "BIH"]
[SourceTitle "EXT 2016"]
[Source "ChessBase"]
[SourceDate "2015.10.08"]
[SourceVersion "1"]
[SourceVersionDate "2015.10.08"]
[SourceQuality "1"]
[WhiteTeam "Gorazde"]
[BlackTeam "Sarajevo Napredak"]
[WhiteTeamCountry "BIH"]
[BlackTeamCountry "BIH"]

1. d4 Nf6 2. c4 g6 3. Nc3 d5 4. Nf3 Bg7 5. cxd5 Nxd5 6. e4 Nxc3 7. bxc3 c5 8. Bb5+ Nd7 9. 0-0 0-0 10. Bg5 h6 11. Bh4 Nf6 12. Bxf6 Bxf6 13. e5 Bg7 14. h3 cxd4 15. cxd4 Be6 16. Qe2 Rc8 17. Rac1 Bd5 18. Rxc8 Qxc8 19. Rd1 e6 20. Bd3 Qc6 21. Ne1 Rd8 22. Qb2 Qa4 23. Rd2 Bf8 24. Nc2 Qxa2 25. Qc3 Qb1+ 26. Kh2 Qb6 27. Rd1 Qc6 28. Qxc6 Bxc6 29. Ra1 Ra8 30. f3 a5 31. Kg3 a4 32. Kf2 a3 33. Ke3 b5 34. Be4 Bxe4 35. Kxe4 b4 0-1

[Event "BIH-chT 14th"]
[Site "Prijedor"]
[Date "2015.09.08"]
[Round "4.5"]
[White "Cabrilo, Goran"]
[Black "Pleh, Semir"]
[Result "1-0"]
[WhiteElo "2420"]
[BlackElo "1689"]
[PlyCount "51"]
[EventDate "2015.09.05"]
[EventType "team-tourn"]
[EventRounds "9"]
[EventCountry "BIH"]
[SourceTitle "EXT 2016"]
[Source "ChessBase"]
[SourceDate "2015.10.08"]
[SourceVersion "1"]
[SourceVersionDate "2015.10.08"]
[SourceQuality "1"]
[WhiteTeam "Sokolac Glasinac"]
[BlackTeam "Gorazde"]
[WhiteTeamCountry "BIH"]
[BlackTeamCountry "BIH"]

1. e4 d6 2. d4 g6 3. c4 Bg7 4. Nc3 c6 5. Be3 Nf6 6. f3 a6 7. Qd2 b5 8. Bh6 Bxh6 9. Qxh6 bxc4 10. Bxc4 Qb6 11. 0-0-0 Nbd7 12. Nh3 e6 13. Rhe1 Bb7 14. e5 dxe5 15. dxe5 Nd5 16. Ne4 Nxe5 17. Bxd5 cxd5 18. Nf6+ Ke7 19. Qg5 Qc6+ 20. Kb1 Nc4 21. Nxd5+ Kf8 22. Qf6 Rg8 23. Ng5 Na3+ 24. bxa3 Qb5+ 25. Ka1 Rg7 26. Nxe6+ 1-0

[Event "BIH-chT 13th"]
[Site "Neum"]
[Date "2014.06.11"]
[Round "5.1"]
[White "Pleh, Semir"]
[Black "Palac, Mladen"]
[Result "0-1"]
[WhiteElo "1732"]
[BlackElo "2578"]
[PlyCount "86"]
[EventDate "2014.06.07"]
[EventType "team-tourn"]
[EventRounds "9"]
[EventCountry "BIH"]
[SourceTitle "CBM 160 Extra"]
[Source "ChessBase"]
[SourceDate "2014.07.01"]
[SourceVersion "1"]
[SourceVersionDate "2014.07.01"]
[SourceQuality "1"]
[WhiteTeam "Gorazde"]
[BlackTeam "Siroki Brijeg"]
[WhiteTeamCountry "BIH"]
[BlackTeamCountry "BIH"]

1. d4 Nf6 2. c4 e6 3. g3 c5 4. e3 d5 5. Nf3 dxc4 6. Bxc4 a6 7. Be2 cxd4 8. Qxd4 Nbd7 9. 0-0 Bc5 10. Qd3 b5 11. b3 Bb7 12. Bb2 0-0 13. Nbd2 Qe7 14. Rac1 e5 15. Qf5 Rfe8 16. Rfd1 Rac8 17. Ng5 g6 18. Qh3 Ba3 19. Rxc8 Rxc8 20. Bxa3 Qxa3 21. Nf1 Nf8 22. Bf3 Bxf3 23. Nxf3 Re8 24. Qh4 Kg7 25. Rd2 h6 26. g4 Qb4 27. Qg3 Ne4 28. Qg2 Nxd2 29. N3xd2 Ne6 30. f3 Rd8 31. h4 Nc5 32. h5 gxh5 33. gxh5+ Kh8 34. Qh2 Nd3 35. Ne4 Rg8+ 36. Neg3 Qe1 37. Qh4 Qf2+ 38. Kh1 Qxf3+ 39. Kh2 Ne1 40. Qh3 Qf2+ 41. Kh1 Qxa2 42. Qh2 Qxh2+ 43. Kxh2 a5 0-1

[Event "Sarajevo Bosna op-B 43rd"]
[Site "Sarajevo"]
[Date "2013.06.08"]
[Round "9"]
[White "Fejzic, Edo"]
[Black "Pleh, Semir"]
[Result "0-1"]
[WhiteElo "1690"]
[BlackElo "1741"]
[PlyCount "104"]
[EventDate "2013.06.01"]
[EventType "swiss"]
[EventRounds "9"]
[EventCountry "BIH"]
[SourceTitle "CBM 154 Extra"]
[Source "ChessBase"]
[SourceDate "2013.06.25"]
[SourceVersion "2"]
[SourceVersionDate "2013.06.25"]
[SourceQuality "1"]

1. e4 e5 2. Nc3 Nf6 3. f4 d6 4. Nf3 Nc6 5. Bb5 exf4 6. d4 Bd7 7. Bxf4 Nh5 8. Be3 Be7 9. 0-0 0-0 10. d5 Nb8 11. Bxd7 Nxd7 12. Ne1 g6 13. Bh6 Ng7 14. Nd3 Bf6 15. Qf3 c6 16. Rae1 Qc7 17. dxc6 bxc6 18. g4 Bd4+ 19. Kh1 Ne5 20. Nxe5 Bxe5 21. Rb1 Rfe8 22. Bf4 Bxf4 23. Qxf4 Re5 24. Rf2 Ne6 25. Qe3 Re8 26. Rbf1 Re7 27. Kg2 d5 28. Rd1 d4 29. Rxd4 Nxd4 30. Qxd4 Rg5 31. h3 h5 32. Qf6 Qe5 33. Qxe5 Rexe5 34. Kg3 Re7 35. Rf6 Re6 36. Rxe6 fxe6 37. Kf4 Ra5 38. a3 hxg4 39. hxg4 g5+ 40. Ke3 Kf7 41. Ne2 e5 42. Ng1 Rb5 43. b4 Rb6 44. Nf3 Kf6 45. Nd2 Rb8 46. c4 Rh8 47. Nf3 Rh1 48. a4 Ra1 49. b5 Rxa4 50. Kd3 cxb5 51. cxb5 Ra3+ 52. Ke2 Rb3 0-1

[Event "Sarajevo Bosna op-B 43rd"]
[Site "Sarajevo"]
[Date "2013.06.02"]
[Round "2"]
[White "Pleh, Semir"]
[Black "Bucan, Eldin"]
[Result "0-1"]
[WhiteElo "1741"]
[BlackElo "2196"]
[PlyCount "42"]
[EventDate "2013.06.01"]
[EventType "swiss"]
[EventRounds "9"]
[EventCountry "BIH"]
[SourceTitle "CBM 154 Extra"]
[Source "ChessBase"]
[SourceDate "2013.06.25"]
[SourceVersion "2"]
[SourceVersionDate "2013.06.25"]
[SourceQuality "1"]

1. d4 Nf6 2. c4 e5 3. dxe5 Ng4 4. Nf3 Nc6 5. Bf4 Bb4+ 6. Nbd2 Qe7 7. Qb3 Ngxe5 8. Nxe5 Nxe5 9. a3 Ba5 10. Qb5 Nd3+ 11. Kd1 Nxf2+ 12. Kc2 Bxd2 13. Bxd2 Qe4+ 14. Kb3 Nxh1 15. Qc5 d6 16. Qg1 Be6 17. e3 b5 18. Rc1 bxc4+ 19. Kc3 Rb8 20. Be1 Rb3+ 21. Kd2 Rxb2+ 0-1

[Event "Sarajevo Bosna op-B 43rd"]
[Site "Sarajevo"]
[Date "2013.06.01"]
[Round "1"]
[White "Strinic, Halid"]
[Black "Pleh, Semir"]
[Result "1-0"]
[WhiteElo "2134"]
[BlackElo "1741"]
[PlyCount "71"]
[EventDate "2013.06.01"]
[EventType "swiss"]
[EventRounds "9"]
[EventCountry "BIH"]
[SourceTitle "CBM 154 Extra"]
[Source "ChessBase"]
[SourceDate "2013.06.25"]
[SourceVersion "2"]
[SourceVersionDate "2013.06.25"]
[SourceQuality "1"]

1. e4 e5 2. Nf3 d6 3. d4 exd4 4. Nxd4 Nf6 5. Nc3 a6 6. Be2 Be7 7. g4 c5 8. Nf5 Bxf5 9. gxf5 Nc6 10. Rg1 g6 11. Bg5 gxf5 12. exf5 Qd7 13. Bxf6 Bxf6 14. Nd5 Qd8 15. c3 b5 16. Bh5 Ne5 17. f4 Bh4+ 18. Kf1 Nc4 19. Bxf7+ Kd7 20. Be6+ Kc6 21. b3 Na5 22. Rg7 Rb8 23. Qf3 Rb7 24. Nb4+ Kb6 25. Rxb7+ Nxb7 26. Qc6+ Ka7 27. Qxa6+ Kb8 28. Nc6+ Kc7 29. Nxd8 Rxd8 30. Qxb5 Bf6 31. Bd5 Rb8 32. Re1 Nd8 33. Qa5+ Kc8 34. Re8 Kd7 35. Qa4+ Kc7 36. Qa7+ 1-0